000 00234nam a22001097a 4500
041 _aENG
245 _aLand Resources Information Systems In Asia
260 _aRome
_bFAO
_c2000
300 _a92
650 _aFAO
856 _uFAO ( 01 )
999 _c2361
_d2361